Name a Valid Answer - Science - Statistics

General Stats
  • This quiz has been taken 41,512 times
  • The average score is 11 of 17
Answer Stats
Category Valid Answers % Correct
A noble gas helium | neon | argon | krypton | xenon | radon
95%
A layer of the Earth crust | mantle | outer core | inner core
93%
What the letters of E = mc² stand for energy | mass | speed of light
83%
One of the three types of rock igneous | sedimentary | metamorphic
77%
One of the top 10 largest moons in the Solar System (other than Earth's moon) Ganymede | Titan | Callisto | Io | Europa | Triton | Titania | Rhea | Oberon | Iapetus
74%
Periodic Table element named for a country americium | copper | francium | gallium | germanium | indium | nihonium | polonium
70%
Name for a wavelength of light on the electromagnetic spectrum radio | microwave | infrared | visible light |ultraviolet | x-ray | gamma
70%
A layer of the atmosphere troposphere | stratosphere | mesosphere | thermosphere | exosphere
68%
Subspecies of tiger Bengal | Siberian | South China | Indochinese |Malayan | Sumatran
62%
One of the three largest bones in the arm humerus | radius | ulna
62%
A taxonomic rank which comes between genus and kingdom family | order | class | phylum
61%
A type of strong chemical bond ionic | covalent | metallic
59%
Element whose name ends in C arsenic | zinc
58%
Term for a period of time in geology that starts with E eon | era | epoch
58%
Common names for types of stars orange dwarf | red dwarf | white dwarf | yellow dwarf | red giant | blue giant
50%
DNA bases (hint: CGAT) cytosine | guanine | adenine | thymine
37%
A type of quark up | down | strange | charm | bottom | top
32%
No matching quizzes found
Score Distribution
Percent of People with Each Score
Percentile by Number Answered
Your Score History
You have not taken this quiz